000 00662nam a2200241Ia 4500
003 OSt
005 20221005025546.0
006 a|||||r|||| 00| 0
007 ta
008 221004b |||||||| |||| 00| 0 eng d
024 _a63903
037 _cTextual
040 _aCRL
_cCRL
_beng
041 _2eng
_aeng
082 _aV262.M8<-M54, M6
100 _aAnuradha Chanda
_9581839
245 0 _aPublic administration and public opinion in Bengal 1854-1885.
260 _aCalcuuta
_bK P Bagchi
_c1986
300 _a187p.
_ccm.
650 _aHISTORY
942 _hV262.M8<-M54, M6
_cTEXL
_2cc
999 _c934916
_d934916